| 000 | 00565nam a2200181 i 4500 | ||
|---|---|---|---|
| 001 | 38680 | ||
| 003 | ES-MaACL | ||
| 007 | t| | ||
| 008 | 030226s1924 fr ||||1| fre d | ||
| 100 | 1 |
_aBusco, Pierre. _932813 |
|
| 245 | 1 | 4 |
_aLes cosmogonies modernes et la théorie de la connaissance / _cpar Pierre Busco. |
| 260 |
_aParís : _bFélix Alcan, _c1924. |
||
| 300 |
_a435 p. ; _c23 cm. |
||
| 490 | 1 | _aBibliothèque de philosophie contemporaine | |
| 830 | 0 |
_aBibliothèque de philosophie contemporaine _9181027 |
|
| 852 |
_aES-MaACL _jB-6230 |
||
| 999 |
_c38680 _d38680 |
||